000 00207 a2200097 4500
001 43326
100 _aShakespeare
245 _aTragedy of Othello
260 _aLondon
_bGinn & Co
_c
090 _c27164
_d27164
942 _aNUST-CAE
_cM
_c19074
999 _c278399
_d278399